Proyecto para una estación radiodifusora de onda larga para la futura Radio Universitaria en San Pedro Montes de Oca
Guardado en:
| 主要作者: | |
|---|---|
| 格式: | 未知 |
| 出版: |
[San José, Costa Rica]
1953
|
| 主题: | |
| 标签: |
添加标签
没有标签, 成为第一个标记此记录!
|
MARC
| LEADER | 00000 a2200000 4500 | ||
|---|---|---|---|
| 003 | 011009 | ||
| 005 | 20221231143802.0 | ||
| 008 | 140114s1953 c a m 000 ||s d | ||
| 040 | |c cru CEDI | ||
| 090 | |a TFG 68 | ||
| 100 | |a Angulo Zeledón, Enrique |9 17121 | ||
| 245 | |a Proyecto para una estación radiodifusora de onda larga para la futura Radio Universitaria en San Pedro Montes de Oca | ||
| 260 | |c 1953 |a [San José, Costa Rica] | ||
| 300 | |a [92] hojas, gráficos, plans. (en bolsa adjunta) ; 29 cm | ||
| 500 | |a Tesis (Ingeniero Civil) Universidad de Costa Rica | ||
| 501 | |a Ed. mecanografiada. | ||
| 650 | |x RADIOEMISORAS |9 17122 | ||
| 942 | |c TFG | ||
| 999 | |c 11945 |d 11945 | ||
